Czy zdołasz wymienić wszystkie postaci z Super Mario Bros.? - Statystyki

Ogólne statystyki
  • Ten quiz został rozwiązany 32 razy
  • Średni wynik to 6 z 21
Statystyki odpowiedzi
Obrazkowy Odpowiedź % Poprawnych
Mario
100%
Luigi
96%
Princess Peach
79%
Goomba
71%
Bowser
57%
Lakitu
32%
Bullet Bill
25%
Piranha Plant
25%
Green Koopa Troopa
14%
Red Koopa Troopa
14%
Grey Cheep-Cheep
11%
Hammer Brother
11%
Red Cheep-Cheep
11%
Spiny
11%
Buzzy Beetle
7%
Fire-Bar
7%
Green Koopa Paratroopa
7%
Red Koopa Paratroopa
7%
Bloober
0%
Podoboo
0%
Turtle Cannon
0%
Nie znaleziono quizów pasujących do podanych kryteriów
Rozkład punktacji
Procent ludzi z każdym wynikiem
Percentyl według liczby udzielonych odpowiedzi
Twoja historia wyników
Nie rozwiązałeś tego quizu